|
|
|
|
| LEADER |
00000nam0a2200000 4500 |
| 001 |
673483 |
| 005 |
20240702135146.0 |
| 035 |
|
|
|a (RuTPU)RU\TPU\book\311364
|
| 090 |
|
|
|a 673483
|
| 100 |
|
|
|a 20240702d1976 k||y0rusy50 ca
|
| 101 |
0 |
|
|a rus
|
| 102 |
|
|
|a RU
|
| 105 |
|
|
|a a z 001zy
|
| 200 |
1 |
|
|a Лазерное допплеровское измерение скорости газовых потоков. Сборник №1 : Теория измерения. Электронные системы регистрации
|f Центральный аэрогидродинамический институт (ЦАГИ) ; под ред. Г. Л. Гроздовский
|
| 210 |
|
|
|a Москва
|c Изд-во ЦАГИ
|d 1976
|
| 215 |
|
|
|a 286 с.
|c ил.
|
| 225 |
1 |
|
|a Труды Центрального аэро-гидродинамического института
|v Вып. 1750
|
| 320 |
|
|
|a Библиогр. в конце статей
|
| 606 |
1 |
|
|a Летательные аппараты
|x Конструкция и расчет
|2 stltpush
|3 (RuTPU)RU\TPU\subj\40070
|9 59944
|
| 610 |
1 |
|
|a лазерно-допплеровские измерители
|
| 610 |
1 |
|
|a газовые потоки
|
| 610 |
1 |
|
|a скорости
|
| 610 |
1 |
|
|a теория измерений
|
| 610 |
1 |
|
|a оптические системы
|
| 610 |
1 |
|
|a дробовой эффект
|
| 610 |
1 |
|
|a фотоприемники
|
| 610 |
1 |
|
|a моделирование на ЭВМ
|
| 610 |
1 |
|
|a дискретные измерения
|
| 610 |
1 |
|
|a электронная аппаратура
|
| 610 |
1 |
|
|a широкополосный усилитель
|
| 610 |
1 |
|
|a аэродинамическая труба
|
| 610 |
1 |
|
|a автоподстройка
|
| 610 |
1 |
|
|a схемы
|
| 675 |
|
|
|a 629.73.01
|v 3
|
| 702 |
|
|
|a Гроздовский
|b Г. Л.
|
| 712 |
0 |
2 |
|a Центральный аэрогидродинамический институт (ЦАГИ)
|3 (RuTPU)RU\TPU\col\4446
|
| 801 |
|
1 |
|a RU
|b 63413507
|c 20240702
|
| 801 |
|
2 |
|a RU
|b 63413507
|c 20240702
|g RCR
|
| 942 |
|
|
|c CR
|